| 000 | 00318 a2200133 4500 | ||
|---|---|---|---|
| 001 | 59469 | ||
| 020 | _a9780136589075 | ||
| 082 | _a658.3 DES | ||
| 090 |
_c36392 _d36392 |
||
| 100 | _aGary Dessler | ||
| 245 |
_aHuman resource management 6th/Ed _cGary Dessler |
||
| 250 | _a6th | ||
| 260 |
_aUSA _bPrentice Hall _c1994 |
||
| 942 |
_aNUST-CAE _k658.3 DES |
||
| 999 |
_c294542 _d294542 |
||